Women and Philosophy (Record no. 14344)

MARC details
000 -LEADER
fixed length control field 00610nam a2200241 a 4500
020 ## - INTERNATIONAL STANDARD BOOK NUMBER
ISBN 9788178805511
082 00 - DEWEY DECIMAL CLASSIFICATION NUMBER
Classification number 181.44
Author Cutter GUP
100 ## - MAIN ENTRY--AUTHOR NAME
Author name Gupta, Krishna Rani
245 ## - TITLE STATEMENT
Title Women and Philosophy
260 ## - PUBLICATION, DISTRIBUTION, ETC. (IMPRINT)
Place of publication Delhi
Name of publisher Rajat Publications
Year of publication 2012
300 ## - PHYSICAL DESCRIPTION
Number of Pages 312p
500 ## - GENERAL NOTE
General note includes index and biblioraphy
505 2# - FORMATTED CONTENTS NOTE
Formatted contents note Bibliography, Index
650 ## - SUBJECT ADDED ENTRY--TOPICAL TERM
Topical Term Philosophy and Women
942 ## - ADDED ENTRY ELEMENTS (KOHA)
Koha item type Books
700 1# -
-- Gupta, Krishna Rani
Holdings
Collection code Home library Current library Date acquired Cost, normal purchase price Full call number Accession Number Koha item type
  Henry Martyn Institute Library Henry Martyn Institute Library 12/26/2012 950.00 181.44 GUP 023984 Books
                   Copyright © 2026 | Henry Martyn Institute | Hyderabad | TS-500052 | INDIA | Implemented by hmi.edu.in
Hit-Count:

Powered by Koha